| 000 | 00359nam a2200145Ia 4500 | ||
|---|---|---|---|
| 008 | 150201s2010 xx 000 0 und d | ||
| 082 |
_a617.5 _bM2010S |
||
| 100 | _aSHENOY K. | ||
| 245 | _aMANIPAL MANUAL OF SURGERY | ||
| 250 | _a2ND | ||
| 260 |
_bC.B.S PUBLISHERS & DISTRIBUTERS _aDELHI _c2010 |
||
| 300 | _a1-440 | ||
| 650 | _aSURGERY | ||
| 942 |
_2ddc _cBK _021 |
||
| 999 |
_c4512 _d4512 |
||